| 000 | 00677nam a22001937a 4500 | ||
|---|---|---|---|
| 001 | 000156844 | ||
| 003 | AM-YeHGA | ||
| 005 | 20250617123205.0 | ||
| 008 | 990625s1986 ru ||||| |||| 00| 0 rus d | ||
| 040 | _aAM-YeHGA | ||
| 041 | 0 | _arus | |
| 245 | 0 | 0 |
_aПроблемы палеоботаники : _bСборник научных трудов / _cПод. ред. А.Л. Тахтаджяна. |
| 260 |
_aЛенинград : _bНаука. Ленингр. отд-ние, _c1986. |
||
| 300 |
_a176 с. : _bтабл. |
||
| 650 | 1 | 4 | _aПалеоботаника |
| 700 | 1 | 0 |
_aԹախտաջյան, Արմեն Լևոնի, _d1910-2009 _4edt _qред. |
| 942 |
_2udc _cBK |
||
| 090 | _c54223 | ||
| 999 |
_c53397 _d53397 |
||